| 000 | 00930cam a22002893a 4500 | ||
|---|---|---|---|
| 001 | 13803 | ||
| 003 | PGUSA | ||
| 005 | 20140828083309.0 | ||
| 008 | 041020s2004||||xxu|||||s|||||000 1 eng d | ||
| 040 |
_aPGUSA _beng |
||
| 042 | _adc | ||
| 050 | 4 | _aPZ | |
| 100 | 1 |
_aAlger, Horatio, _d1832-1899 |
|
| 245 | 1 | 0 |
_aMaking His Way : _bOr, Frank Courtney's Struggle Upward _h[electronic resource] / _cHoratio Alger |
| 260 |
_bProject Gutenberg, _c2004 |
||
| 506 | _aPublic domain in the USA. | ||
| 516 | _aElectronic text | ||
| 653 | _aChildren -- Conduct of life -- Juvenile fiction | ||
| 653 | _aConduct of life -- Juvenile fiction | ||
| 653 | _aHonesty -- Juvenile fiction | ||
| 653 | _aPerseverance (Ethics) -- Juvenile fiction | ||
| 653 | _aKindness -- Juvenile fiction | ||
| 653 | _aSuccess -- Juvenile fiction | ||
| 830 | 0 |
_aProject Gutenberg _v13803 |
|
| 856 | 4 | 0 | _uhttp://www.gutenberg.org/ebooks/13803 |
| 942 | _cEB | ||
| 999 |
_c243058 _d243058 |
||